| 000 | 00639nam a22001932 4500 | ||
|---|---|---|---|
| 001 | 0000008318 | ||
| 005 | 20151217155835.0 | ||
| 008 | 080304s xx 000 0 eng d | ||
| 020 | _cKES | ||
| 040 |
_aKABU _cKABU |
||
| 110 | 2 |
_aKenya. _bNational Council for Science and Technology. _@0000158856 |
|
| 245 | 1 | 0 |
_aGuidelines for ethical conduct of biomedical research involving human subjects in Kenya / _cNCST. |
| 260 |
_aNairobi : _bNCST, _c2004. |
||
| 300 | _a19 p. | ||
| 650 | 0 |
_aHuman experimentation in medicine _zKenya. _@0000158894 |
|
| 908 | _a080304 | ||
| 950 | _@1 | ||
| 999 |
_c13107 _d13107 |
||